00695nam a2200205 i 450000100060000000300090000600500170001500700030003200800410003502000180007610000440009424500580013826000350019630000220023149000280025383000360028185200330031799900170035095201220036779389ES-MaACL20250514193755.0t|041021s1987 zzz ||||1| spa d a84-86197-64-31 aHernández, Antonio,d1943-202496278713aEl Betis b: la marcha verde / cAntonio Hernández. a[S.l.] : bAlmarabú, c1987. a110 p. ; c16 cm.1 aTextos tímidos ; v140 aTextos tímidos ; v149187568 aES-MaACLjL-11975 bR.114227 c79389d79389 00104070aATENEOMbATENEOMcDEPO2d2008-01-17eSCl0oL-11975p1083020r2023-02-23 00:00:00w2023-02-23yMONOGRAFIA